Statistiques concernant Chiffres romains en 15 secondes

Cliquez ici pour prendre le quiz!

Statistiques générales

  • Ce quiz a été pris 240 fois
  • Le résultat moyen est 5 sur 7

Statistiques - réponses

Chiffre arabeChiffre romain% Correct
1I
87%
5V
82%
10X
79%
50L
78%
100C
70%
1000M
65%
500D
55%

Distribution des résultats

Percentile par nombre de réponses

% des personnes avec chaque résultat

Votre développement - résultats

Vous n’avez pas pris ce quiz